Catholic Ecumenical Councils - Statistics

General Stats
  • This quiz has been taken 96 times
  • The average score is 14 of 21
Answer Stats
Year Answer % Correct
1869-1870 Vatican I
93%
1962-1965 Vatican II
93%
325 Nicaea I
89%
787 Nicaea II
89%
381 Constantinople I
82%
553 Constantinople II
82%
680 Constantinople III
82%
869 Constantinople IV
82%
1545-1563 Trent
81%
451 Chalcedon
63%
1438-1443 Florence
58%
1123 Lateran I
56%
1139 Lateran II
56%
1179 Lateran III
56%
1215 Lateran IV
56%
1512-1517 Lateran V
56%
431 Ephesus
54%
1245 Lyon I
44%
1274 Lyon II
44%
1311 Vienne
39%
1414 Constance
37%
No matching quizzes found
Score Distribution
Percent of People with Each Score
Percentile by Number Answered
Your Score History
You have not taken this quiz